[Event "Hessen-ch Seniors op 09th"]
[Site "Bad Sooden-Allendorf"]
[Date "2013.04.25"]
[Round "6"]
[White "Pajcin, Jovan"]
[Black "Hampe, Werner"]
[Result "1/2-1/2"]
[WhiteElo "1846"]
[BlackElo "1776"]
[PlyCount "38"]
[EventDate "2013.04.20"]
[EventType "swiss"]
[EventRounds "9"]
[EventCountry "GER"]
[SourceTitle "EXT 2019"]
[Source "ChessBase"]
[SourceDate "2018.10.10"]
[SourceVersion "1"]
[SourceVersionDate "2018.10.10"]
[SourceQuality "1"]

1. e4 e5 2. Nf3 Nc6 3. Nc3 d6 4. h3 Nf6 5. d4 exd4 6. Nd5 h6 7. Nxd4 Nxd4 8. Qxd4 Be7 9. Bc4 0-0 10. 0-0 Nxd5 11. exd5 Bf6 12. Qd1 Bf5 13. c3 a6 14. Qf3 Bg6 15. Bf4 Be5 16. Bg3 Re8 17. Rfe1 Bxg3 18. Qxg3 Qf6 19. Re3 Rxe3 1/2-1/2

[Event "Lienz op 17th"]
[Site "Lienz"]
[Date "2013.02.09"]
[Round "1"]
[White "Pajcin, Jovan"]
[Black "Sedlak, Nikola"]
[Result "0-1"]
[WhiteElo "1837"]
[BlackElo "2573"]
[PlyCount "88"]
[EventDate "2013.02.09"]
[EventType "swiss"]
[EventRounds "9"]
[EventCountry "AUT"]
[SourceTitle "CBM 152 Extra"]
[Source "ChessBase"]
[SourceDate "2013.02.25"]
[SourceVersion "1"]
[SourceVersionDate "2013.02.25"]
[SourceQuality "1"]

1. Nf3 d5 2. g3 g6 3. Bg2 Bg7 4. 0-0 Nf6 5. d4 0-0 6. c3 c5 7. Re1 Qb6 8. e3 Nc6 9. Nbd2 Bf5 10. dxc5 Qxc5 11. Nb3 Qb6 12. Nbd4 Be4 13. Nxc6 bxc6 14. Nd2 Bxg2 15. Kxg2 e5 16. e4 Rfe8 17. f3 Rad8 18. Qc2 Qa6 19. a4 Nd7 20. b4 Nb6 21. Nb3 Nc4 22. Qe2 Qc8 23. Be3 Qc7 24. Bc5 f5 25. b5 Qb7 26. exd5 cxd5 27. Qf2 a6 28. Bb4 axb5 29. a5 e4 30. a6 Qa8 31. Kg1 Ne5 32. fxe4 dxe4 33. Qb6 Nf3+ 34. Kf1 Nxe1 35. Kxe1 e3 36. Qb7 Bf8 37. Ba5 Rb8 38. Qxa8 Rxa8 39. Bc7 Re7 40. Bf4 Rea7 41. Ra5 Rxa6 42. Rxb5 Ra2 43. h4 Rb2 44. Bxe3 Re8 0-1

[Event "Vlissingen HZ op 16th"]
[Site "Vlissingen"]
[Date "2012.08.04"]
[Round "1"]
[White "De Jong, Migchiel"]
[Black "Pajcin, Jovan"]
[Result "1-0"]
[WhiteElo "2358"]
[BlackElo "1861"]
[PlyCount "73"]
[EventDate "2012.08.04"]
[EventType "swiss"]
[EventRounds "9"]
[EventCountry "NED"]
[SourceTitle "CBM 149 Extra"]
[Source "ChessBase"]
[SourceDate "2012.08.24"]
[SourceVersion "1"]
[SourceVersionDate "2012.08.24"]
[SourceQuality "1"]

1. e4 c5 2. Nf3 Nc6 3. d4 cxd4 4. Nxd4 g6 5. c4 Bg7 6. Be3 d6 7. Nc3 Nf6 8. Be2 0-0 9. 0-0 Nxd4 10. Bxd4 b6 11. Qd2 Bb7 12. f3 Qc8 13. Rac1 Rd8 14. Nd5 Bxd5 15. cxd5 Qd7 16. Qb4 Rac8 17. Ba6 Rc7 18. Bb5 Qc8 19. Bc6 e6 20. Qc3 e5 21. Be3 Nh5 22. Qd2 f5 23. Rc4 f4 24. Bf2 g5 25. Rfc1 Qb8 26. Qe2 Nf6 27. Bb5 Re7 28. Ba6 Ree8 29. Rc7 Rf8 30. Rb7 Rc8 31. Rxc8 Rxc8 32. Rxb8 Rxb8 33. Qc4 g4 34. Qc7 Rf8 35. Bc8 h5 36. Be6+ Kh8 37. Qxd6 1-0

[Event "Hessen-ch Seniors op 08th"]
[Site "Bad Sooden-Allendorf"]
[Date "2012.04.21"]
[Round "8"]
[White "Busic, Nedjeljko"]
[Black "Pajcin, Jovan"]
[Result "1-0"]
[WhiteElo "2028"]
[BlackElo "1851"]
[PlyCount "81"]
[EventDate "2012.04.14"]
[EventType "swiss"]
[EventRounds "9"]
[EventCountry "GER"]
[SourceTitle "EXT 2019"]
[Source "ChessBase"]
[SourceDate "2018.10.10"]
[SourceVersion "1"]
[SourceVersionDate "2018.10.10"]
[SourceQuality "1"]

1. e4 c6 2. d4 g6 3. Nf3 d6 4. Bd3 Bg7 5. c3 Bg4 6. 0-0 Nf6 7. h3 Bxf3 8. Qxf3 Nbd7 9. Na3 0-0 10. Bg5 Re8 11. Nc4 Qc7 12. Nd2 Qa5 13. Bf4 e5 14. Nc4 Qc7 15. Bh2 b5 16. Nd2 Qb6 17. Nb3 a5 18. dxe5 Nxe5 19. Bxe5 Rxe5 20. Nd2 Rae8 21. Qd1 d5 22. Nf3 R5e7 23. exd5 Nxd5 24. Qc2 Rd8 25. Rad1 Red7 26. Rfe1 Qc5 27. Bf1 Rb7 28. Re4 Rdb8 29. Rde1 Nf6 30. Re5 Qb6 31. Ng5 h6 32. Nf3 b4 33. cxb4 Qxb4 34. Bc4 Nd5 35. Re8+ Kh7 36. b3 Qc5 37. Rxb8 Rxb8 38. g3 h5 39. Kg2 Rd8 40. Ne5 Nb4 41. Qe4 1-0

[Event "Hessen-ch Seniors op 08th"]
[Site "Bad Sooden-Allendorf"]
[Date "2012.04.20"]
[Round "7"]
[White "Pajcin, Jovan"]
[Black "Hielscher, Klaus Wieprecht"]
[Result "1-0"]
[WhiteElo "1851"]
[BlackElo "1823"]
[PlyCount "59"]
[EventDate "2012.04.14"]
[EventType "swiss"]
[EventRounds "9"]
[EventCountry "GER"]
[SourceTitle "EXT 2019"]
[Source "ChessBase"]
[SourceDate "2018.10.10"]
[SourceVersion "1"]
[SourceVersionDate "2018.10.10"]
[SourceQuality "1"]

1. e4 c5 2. Nf3 a6 3. d4 cxd4 4. Nxd4 Nf6 5. Nc3 d6 6. Be2 Nc6 7. Be3 e6 8. 0-0 Qc7 9. Qd2 Be7 10. f4 0-0 11. Kh1 b5 12. Nxc6 Qxc6 13. e5 Ne8 14. Bf3 d5 15. Nxd5 exd5 16. Bxd5 Qd7 17. Bxa8 Qxd2 18. Bxd2 Nc7 19. Bf3 f5 20. Ba5 Ne6 21. Bd5 Kh8 22. c4 Nd4 23. Rad1 Bc5 24. b4 Ba7 25. c5 Nc2 26. Rf3 Bd7 27. Rc3 Nxb4 28. Bxb4 Rc8 29. e6 Bc6 30. Bxc6 1-0

[Event "Arco op 32nd"]
[Site "Arco"]
[Date "2010.10.21"]
[Round "6"]
[White "Pajcin, Jovan"]
[Black "Pretto, Aldo"]
[Result "0-1"]
[WhiteElo "1869"]
[BlackElo "1741"]
[PlyCount "84"]
[EventDate "2010.10.16"]
[EventType "swiss"]
[EventRounds "9"]
[EventCountry "ITA"]
[SourceTitle "EXT 2024"]
[Source "ChessBase"]
[SourceDate "2023.10.10"]
[SourceVersion "1"]
[SourceVersionDate "2023.10.10"]
[SourceQuality "1"]

1. e4 e5 2. Nf3 d6 3. h3 Nf6 4. Nc3 Be7 5. d4 exd4 6. Nd5 c5 7. Bc4 Nxe4 8. 0-0 Nc6 9. Re1 Nf6 10. Nxe7 Nxe7 11. Qe2 h6 12. a4 d5 13. Ba2 Be6 14. c3 dxc3 15. bxc3 0-0 16. g4 Ne4 17. Bb2 Ng6 18. Qe3 Re8 19. Rad1 Nf6 20. Qd2 Qc7 21. Bc1 Rad8 22. Nh2 Qa5 23. Qc2 c4 24. g5 hxg5 25. Bxg5 Bxh3 26. Bxf6 gxf6 27. Bb1 Rxe1+ 28. Rxe1 d4 29. Nf3 d3 30. Qd2 Qh5 31. Nh2 Qg5+ 32. Qxg5 fxg5 33. Ba2 Be6 34. Nf3 a6 35. Nd4 Bd5 36. Kf1 Nf4 37. Rb1 Rd7 38. Nf5 Ne2 39. Rb4 Nxc3 40. Bxc4 Bxc4 41. Rxc4 d2 42. Ne3 Rd3 0-1

[Event "Arco op 32nd"]
[Site "Arco"]
[Date "2010.10.17"]
[Round "2"]
[White "Pajcin, Jovan"]
[Black "Nanni, Sergio"]
[Result "1-0"]
[WhiteElo "1869"]
[BlackElo "1698"]
[PlyCount "52"]
[EventDate "2010.10.16"]
[EventType "swiss"]
[EventRounds "9"]
[EventCountry "ITA"]
[SourceTitle "EXT 2024"]
[Source "ChessBase"]
[SourceDate "2023.10.10"]
[SourceVersion "1"]
[SourceVersionDate "2023.10.10"]
[SourceQuality "1"]

1. e4 e5 2. Nf3 Nc6 3. Nc3 Nf6 4. d4 exd4 5. Nd5 d6 6. Nxd4 Ne5 7. Nb5 Nxd5 8. exd5 Be7 9. Bf4 0-0 10. Qd2 Ng6 11. Bg3 Bg5 12. Qc3 Re8+ 13. Kd1 Re7 14. h4 Bf6 15. Qd2 Bg4+ 16. f3 Qd7 17. Nc3 Bxc3 18. bxc3 Rae8 19. Rb1 c6 20. dxc6 bxc6 21. Rb4 Bh5 22. Qg5 Re5 23. Bxe5 dxe5+ 24. Qd2 Qe7 25. Qg5 Rd8+ 26. Bd3 Qe6 1-0

[Event "Villach Admira 60 op"]
[Site "Villach"]
[Date "2006.02.12"]
[Round "2"]
[White "Pajcin, Jovan"]
[Black "Neff, Gregor"]
[Result "0-1"]
[WhiteElo "1902"]
[BlackElo "2104"]
[PlyCount "60"]
[EventDate "2006.02.11"]
[EventType "swiss"]
[EventRounds "9"]
[EventCountry "AUT"]
[SourceTitle "CBM 110 Extra"]
[Source "ChessBase"]
[SourceDate "2006.03.10"]
[SourceVersion "2"]
[SourceVersionDate "2006.03.10"]
[SourceQuality "1"]

1. e4 c5 2. Nf3 Nc6 3. d4 cxd4 4. Nxd4 g6 5. Nc3 Bg7 6. Be3 Nf6 7. f4 d6 8. Bb5 Bd7 9. 0-0 0-0 10. Kh1 a6 11. Nxc6 bxc6 12. Be2 Rb8 13. Rb1 c5 14. e5 Ne8 15. exd6 exd6 16. Bxa6 Bc6 17. Bc4 Nc7 18. Bb3 Qe7 19. Qd2 Rbd8 20. Rbe1 Qh4 21. f5 Be5 22. Bf4 Bxf4 23. Rxf4 Qg5 24. Ref1 d5 25. Qf2 d4 26. Ne2 Nd5 27. Bxd5 Bxd5 28. b3 Rde8 29. Ng1 Re3 30. Nf3 Qxf4 0-1